Guess the game "Animal Crossing" - Sudden Death - Statistics

General Stats
  • This quiz has been taken 40 times
    32 since last reset
  • The average score is 7 of 12
Answers on the Grid
Answers color-coded by a green-red scale on the quiz's grid according to % correct below.
Animal Crossing : New Life
Animal Crossing : Wide World
Animal Crossing : Amiibo Festival
Animal Crossing : City Funk
Animal Crossing
Animal Crossing : New Worlds
Animal Crossing : Happy Home Designer
Animal Crossing : New Leaf
"Dobutsu no Mori +"
Animal Crossing : Wii Festival
Animal Crossing : New Horizons
Animal Crossing : Wild World
Animal Crossing : Pocket Camp
Animal Crossing : City Folk
Animal Crossing : On Smartphone
Animal Crossing Plaza
Animal Crossing: New Beginnings
Animal Crossing Place
"Dobutsu no Mori"
Animal Crossing : Happy House Designer
"Animal no Mori"
Animal Crossing: Green Horizons
"Dobutsu no Mori e+"
 
Answer Stats
Answer % Correct
Animal Crossing : New Leaf
77%
Animal Crossing
73%
Animal Crossing : Amiibo Festival
73%
Animal Crossing : Happy Home Designer
73%
Animal Crossing : Wild World
73%
Animal Crossing : City Folk
68%
Animal Crossing : New Horizons
68%
Animal Crossing : Pocket Camp
68%
"Dobutsu no Mori"
55%
"Dobutsu no Mori +"
50%
"Dobutsu no Mori e+"
41%
Animal Crossing Plaza
27%
No matching quizzes found
Score Distribution
Percent of People with Each Score
Percentile by Number Answered
Your Score History
You have not taken this quiz since the last reset